00535nam a2200133Ia 4500008004100000024003200041082001700073100005400090245006200144260002500206600002500231650003800256856010700294250506s9999 xx 000 0 und d a15B-031-SE & 15B-022-SE a004.3219 MUH aMuhammad Rufi Khan & Syed Muhammad Hammad Pirzada 0aHouse Modeling and Cost Estimator Andriod App (CODE BOOK) aKarachi:bUIT,c2005 aSoftware Engineering aBachelor of Computer Science (BS) uhttps://drive.google.com/file/d/12RTt7yGhLVHATDGZXsyC5WFAdRS8U1AC/view?usp=sharingyClick here for PDF